Europa: éxitos y fracasos del proyecto común
Salvato in:
| Natura: | Libro |
|---|---|
| Lingua: | spagnolo |
| Pubblicazione: |
Santiago
Aún Creemos en los Sueños
2007
|
| Serie: | Le Monde Diplomatique, 59
|
| Soggetti: | |
| Tags: |
Aggiungi Tag
Nessun Tag, puoi essere il primo ad aggiungerne!!
|
MARC
| LEADER | 00000nam a2200000 a 4500 | ||
|---|---|---|---|
| 001 | UCI8811 | ||
| 003 | CL-VaPUC | ||
| 008 | 081002e20070000CL |||||||||||||||||spa|d | ||
| 020 | |a 9789568134600 | ||
| 082 | 0 | 4 | |a 327.4 |b EXI |2 21 |
| 245 | 1 | 0 | |a Europa: éxitos y fracasos del proyecto común |
| 300 | |a 65 p | ||
| 942 | |c BK | ||
| 945 | |d 20081002 00:00:00 |a jtorresc | ||
| 260 | |a Santiago |b Aún Creemos en los Sueños |c 2007 | ||
| 650 | 0 | |a Relaciones Internacionales |9 255740 | |
| 650 | 7 | |a TRATADOS INTERNACIONES |2 CL-VaPUC |9 532416 | |
| 650 | 7 | |a EUROPA SIGLO 20 |2 CL-VaPUC |9 477386 | |
| 650 | 0 | |a Política y gobierno |9 255151 | |
| 651 | 7 | |a UNION EUROPEA |2 CL-VaPUC |9 532417 | |
| 583 | |a last modification |c 20081002 00:00:00 |k Rodrigo Vera | ||
| 490 | 0 | |a Le Monde Diplomatique, 59 | |
| 999 | |c 331578 |d 331576 | ||
| 952 | |0 0 |1 0 |4 0 |6 327_400000000000000_EXI_2007 |7 0 |8 A |9 418343 |a BIBHIS |b BIBHIS |d 2019-11-22 |i 4485939 |l 3 |m 1 |o 327.4 EXI 2007 |p 4485939 |r 2025-01-20 |s 2024-11-29 |w 2019-11-22 |y BK |k HIS | ||